000 00835nam a22002055i 4500
001 178679
003 ES-MaACL
005 20230906220602.0
008 110610s1972 sp o |||| | spa d
080 _a616:391.91
100 1 _aFont Riera, Gabriel.
_9147113
245 1 0 _aTatuaje y delincuencia /
_cresumen de la tesis presentada para aspirar al grado de doctor en medicina por Gabriel Font Riera.
260 _aBarcelona :
_bUniversidad de Barcelona, Secretariado de Publicaciones, Intercambio Científico y Extensión Universitaria :
_bIvern,
_c1972.
300 _a24 p. :
_bfot. bl. y n. ;
_c24 cm.
500 _aCub. tomada como port.
504 _aBibliografía: p. 23.
650 _aTatuajes-
_xAspectos sanitarios.
_9147053
710 2 _aUniversidad de Barcelona.
_97141
852 _aES-MaACL
_jE-15361 (86)
_xOlim P-1374
999 _c178679
_d178679